KOHA-Header-6

The Girl Who Changed Her Fate (Record no. 8861)

000 -LEADER
fixed length control field 00277nam a2200109Ia 4500
100 ## - MAIN ENTRY--AUTHOR NAME
Personal name Laura Marshall
245 #4 - TITLE STATEMENT
Title The Girl Who Changed Her Fate
260 ## - PUBLICATION, DISTRIBUTION, ETC. (IMPRINT)
Place of publication Singapore
Name of publisher Maxwell Macmillan
Year of publication 1969
300 ## - PHYSICAL DESCRIPTION
Number of Pages 128
942 ## - ADDED ENTRY ELEMENTS (KOHA)
Koha item type Books
Holdings
Withdrawn status Lost status Collection code Permanent Location Current Location Shelving location Date acquired Full call number Accession Number Koha item type
    English Literature MAJU MAJU Shelf No.A15 2019-09-14 398.2 3944 English Literature

Powered by Koha